000 00643nam a2200241Ia 4500
003 OSt
005 20221005090402.0
006 a|||||r|||| 00| 0
007 ta
008 221004b |||||||| |||| 00| 0 eng d
024 _a46305
037 _cTextual
040 _aCRL
_cCRL
_beng
041 _2eng
_aeng
082 _aO111973v, K5
100 _aSpiller Robert E
245 0 _aThird dimension
_b studies in literary history
260 _aNew York
_bMacmillan
_c1965
300 _a245p.
_ccm.
650 _aENGLISH LITERATURE
942 _hO111973v, K5
_cTEXL
_2cc
999 _c995735
_d995735